[Event "NZL-ch Major op"]
[Site "Auckland"]
[Date "2011.01.11"]
[Round "10"]
[White "Fan, Cathy"]
[Black "Puepuemai, Malo"]
[Result "1/2-1/2"]
[WhiteElo "1308"]
[BlackElo "1501"]
[PlyCount "110"]
[EventDate "2011.01.02"]
[EventType "swiss"]
[EventRounds "11"]
[EventCountry "NZL"]
[SourceTitle "EXT 2018"]
[Source "ChessBase"]
[SourceDate "2017.10.13"]
[SourceVersion "1"]
[SourceVersionDate "2017.10.13"]
[SourceQuality "1"]

1. e4 a6 2. d4 d6 3. Nf3 Bg4 4. Be2 e6 5. 0-0 Be7 6. Bf4 Nf6 7. Nc3 c6 8. h3 Bh5 9. e5 Nd5 10. Nxd5 cxd5 11. exd6 Bxd6 12. Bxd6 Qxd6 13. c3 0-0 14. Ne5 Bxe2 15. Qxe2 Nc6 16. Nxc6 bxc6 17. Rfe1 Rfb8 18. Rab1 c5 19. Qe5 Qxe5 20. dxe5 a5 21. b3 Rb6 22. Re2 Rab8 23. Reb2 Kf8 24. Kf1 Ke7 25. Ke2 c4 26. Kd2 a4 27. b4 a3 28. Rc2 g5 29. g3 f6 30. f4 fxe5 31. fxe5 Rf8 32. Ke3 Rf5 33. Kd4 Rf3 34. Rg1 Kd7 35. h4 Rc6 36. Rd2 g4 37. Rgg2 Rc8 38. Rgf2 Rcf8 39. Rxf3 Rxf3 40. Rg2 Rd3+ 41. Kc5 Kc7 42. Rf2 Rxc3 43. Rf7+ Kd8 44. b5 Rf3 45. Rxh7 c3 46. Kd6 Ke8 47. Rc7 d4 48. b6 Rf1 49. Kxe6 Kd8 50. Kd6 Rb1 51. b7 Rb6+ 52. Rc6 Rxb7 53. e6 Ra7 54. Rb6 Ra8 55. e7+ Ke8 1/2-1/2

[Event "NZL-ch Major op"]
[Site "Auckland"]
[Date "2011.01.05"]
[Round "4"]
[White "Ang, Alphaeus Wei Ern"]
[Black "Puepuemai, Malo"]
[Result "0-1"]
[WhiteElo "1235"]
[BlackElo "1501"]
[PlyCount "102"]
[EventDate "2011.01.02"]
[EventType "swiss"]
[EventRounds "11"]
[EventCountry "NZL"]
[SourceTitle "EXT 2018"]
[Source "ChessBase"]
[SourceDate "2017.10.13"]
[SourceVersion "1"]
[SourceVersionDate "2017.10.13"]
[SourceQuality "1"]

1. d4 a6 2. e4 d6 3. Nf3 Bg4 4. Be2 e6 5. 0-0 Be7 6. Bf4 Nf6 7. Nc3 c6 8. h3 Bh5 9. Re1 0-0 10. Bc4 b5 11. Bb3 a5 12. a3 Qb6 13. d5 e5 14. Be3 c5 15. Qe2 a4 16. Ba2 b4 17. axb4 Qxb4 18. Qd3 Nbd7 19. Bc4 Nb6 20. Nd2 Bg6 21. f3 Nh5 22. Reb1 f5 23. exf5 Bxf5 24. Nce4 Nf4 25. Bxf4 exf4 26. Qc3 Rfc8 27. Rc1 Bxe4 28. fxe4 Bf6 29. Qxb4 Bd4+ 30. Kh2 cxb4 31. c3 Be3 32. Rd1 Bxd2 33. Rxd2 Nxc4 34. Rf2 bxc3 35. bxc3 g5 36. Rf3 a3 37. g3 Ne5 38. Rff1 fxg3+ 39. Kxg3 Rxc3+ 40. Kh2 Kg7 41. Kg2 Ra4 42. Rfe1 Rb4 43. Rad1 Rb2+ 44. Kf1 Rxh3 45. Re2 Rh1+ 46. Kf2 Rxd1 47. Ke3 Rd3+ 48. Kf2 Rf3+ 49. Kg2 Rxe2+ 50. Kg1 Kf6 51. Kh1 Rf1# 0-1